000 00634nam a2200193Ii 4500
003 JO-AjNU
008 230605s9999||||xx |||||||||||||| ||und||
040 _aJO-AjNU
_bara
_erda
_cJO-AjNU
041 _aara
050 1 4 _aHG221.D52 2010
100 3 _aمجيد، ضياء,
_eauthor
_944079
245 0 0 _aاقتصاديات النقود والبنوك
264 3 1 _aالاسكندرية: مؤسسة شباب الجامعة، 2010
300 _a349ص
336 _atext
_btxt
_2rdacontent
337 _aunmediated
_bn
_2rdamedia
338 _avolume
_bnc
_2rdacarrier
650 4 _aالنقود - البنوك - الاقتصاد
_944080
999 _aA19002
_c22570
_d22570